000 00606cam a2200193 4500
001 D15110
008 090401t1980 xxu||||| |||| 00| 0 eng d
035 _a(Sirsi) u94956
041 _aeng
050 _a333.1
110 _aRoyal Institution of Chartered Surveyors
_94900
245 _aBriefing `80 at University of Nottingham, 12th - 14th September 1980
260 _bRICS
_c1980
350 _a0
520 _a1 paper; 2 summaries; 3 synopses; notes on speakers, attendance list ; Filed in box 1980/42 A
710 _aLand Agency and Agriculture Division
_9773
942 _n0
948 _c04/03/1997
999 _c98236
_d98236